000 00765nam a2200253 a 4500
008
020 _a0713143975 (pbk.)
049 _aMAIN
090 _aRD11
_bCUR
245 1 0 _aCurrent surgical practice
_nvol. 3 /
_cedited by John Hadfield and Michael Hobsley with a forward by Alan Parks.
260 _aEngland :
_bEdward Arnold,
_c1978.
300 _avii, 313p. :
_bill. ;
_c24 cm.
500 _aIncludes index.
504 _aIncludes bibliographica references.
650 1 _aSurgeons.
700 _aParks, Alan.
700 _aHobsley, Michael.
700 _aHadfield, John.
907 _a.b10305828
_b26-04-13
_c24-01-12
003
005 20230120204107.0
040 _cNUST
942 _cBOOKS
_kRD11
_mCUR
999 _c116979
_d116979